000 00297nam a22001337a 4500
008 181219b xxu||||| |||| 00| 0 eng d
020 _a55360005
041 _aeng
080 _22nd
_a540
100 _a12
101 _aKIM
245 _aChemistry Precision & Design
_cBiddle,V
942 _2udc
_cBK
999 _c53482
_d53482